[Event "Asker 75th"]
[Site "Asker"]
[Date "1997.11.27"]
[Round "6"]
[White "Gausel, Einar"]
[Black "Sahl, Bjarke"]
[Result "1-0"]
[WhiteElo "2540"]
[BlackElo "2430"]
[Annotator "Ribli,Z"]
[PlyCount "87"]
[EventDate "1997.11.22"]
[EventType "tourn"]
[EventRounds "9"]
[EventCountry "NOR"]
[EventCategory "10"]
[SourceTitle "CBM 062"]
[Source "ChessBase"]
[SourceDate "1998.01.31"]
[SourceVersion "1"]
[SourceVersionDate "1998.01.31"]
[SourceQuality "1"]

1. c4 {Petursson} e5 2. Nc3 Nf6 3. Nf3 d6 {Nach meiner Meinung bietet diese
genügsame Fortsetzung dem Schwarzen keinen vollen Ausgleich. Ribli.} 4. g3 (4.
d4 e4 (4... Nbd7 5. e4 {Das ist eine Grundstellung der Altindischen
Verteidigung. Weiss hat eine freie Stellung. Ribli.}) 5. Ng5 Bf5 6. g4 Bxg4 7.
Bg2 $14) 4... c6 5. Bg2 Be7 (5... Nbd7 6. O-O Be7 7. b4 O-O 8. b5 cxb5 9. Nxb5
Nb6 10. d3 Bd7 11. Qb3 Bc6 12. Be3 Nc8 13. Rfd1 {1-0 Loeffler,S-Pichler,J/
BL8889 1989 (37)}) 6. O-O Be6 7. d3 (7. b3 h6 (7... O-O 8. d4 $14 exd4 (8... e4
9. Ng5) 9. Nxd4) (7... Qa5) 8. Bb2 O-O (8... Nbd7 9. d4) 9. c5 Qc7 (9... Nbd7
$5) 10. cxd6 Bxd6 11. Rc1 Qd7 12. d4 e4 13. Ne5 Bxe5 14. dxe5 Qxd1 15. Rfxd1
Nd5 16. Bxe4 Ne7 17. Ba3 {1-0 Zuelle,B-Bleisch,B/Bern op 1996}) 7... h6 {
Dieser Zug ist gegen Ng5 gerichtet und stabilisiert den Läufer auf e6. Ribli.}
8. b4 $14 {Weiss hat Initiative am Damenflügel, die vom Läufer auf g2
unterstützt wird. Ribli.} (8. b3 O-O 9. Bb2 Qc8 10. e4 Bh3 11. Re1 {1/2-1/2
Gorbatow,A-Saltaev,M/Moscow Petrosian 1995/CBM 46}) 8... a6 (8... O-O 9. Rb1
Nbd7 10. b5 d5 $5 (10... Qc7 11. a4 Rfd8 12. Ba3 a6 13. Qb3 Nf8 14. bxc6 bxc6
15. Qb7 Ra7 16. Qxc7 Rxc7 17. Rb6 Bc8 18. c5 {1-0 Honos,A-Mozes,E/HUN-chT 1994/
TD 94\03 (42)}) 11. bxc6 bxc6 12. Nd2 Nb6 13. Nf3 Nfd7 14. cxd5 cxd5 15. d4 e4
{1/2-1/2 Krutti,V-Kadas,G/Hajduboszormeny Knockout 1995 (37)}) 9. Bb2 Nbd7 10.
e4 {Mit diesem Zug verhindert Weiß den später möglichen Befreiungszug ...d6-d5,
sperrt aber gleichzeitig seinen Bg2 aus. Ribli.} (10. Nd2 d5 $5 $11) 10... O-O
11. a4 (11. Qe2 {Weiss bereitet 12.d3-d4 vor, wonach seine Stellung wegen des
Raumvorteils vorteilhaft wäre. Ribli.} b5 $11) 11... a5 $11 {Auf diese Weise
klärt Schwarz die Situation am Damenflügel und bekommt das Feld c5 für seinen
Springer. Ribli.} 12. b5 Nc5 {[%csl Gc5]} 13. h3 Qd7 14. Kh2 Bd8 {[%cal Gd8b6]
Der Läufer strebt nach b6, um eine wichtige Diagonale zu kontrollieren. Ribli.}
15. Qe2 {Weiß muß den c4-Bauern mit der Dame decken, um sich die Möglichkeit
d3-d4 offenzuhalten. Ribli.} Qc8 16. d4 Nb3 17. Rad1 cxb5 18. d5 (18. d5 Bd7
19. cxb5 Bb6 $11 {[%csl Gb6]}) (18. cxb5 $2 Bc4 $17 {[%cal Rc4f1]}) 18... Bd7
19. Nxb5 {Nach dem Textzug haben wir eine positionell komplitzierte Stellung.
Weiss hat Raumvorteil und eine starke Springerstellung auf b5, während Schwarz
Herr über die schwarzen Felder ist. Ribli.} (19. axb5 Bb6 $15 {[%cal Ga5a1]
Schwarz hat einen potentiell sehr starken Freibauern in der a-Linie und starke
Kontrolle über die schwarzen Felder. Ribli.}) 19... Ne8 20. Nh4 $13 {Weiß hat
keine Angst vor den Doppelbauern nach 20...Bxh4 21.gxh4, er möchte das Spiel
mit 21.f2-f4 öffnen. Ribli.} Nc5 {[%csl Ra4,Gc5]} 21. Ra1 {Auf ersten Blick es
wäre logischer, den Bauern mit 21.Qc2 zu decken, aber, wie in der Partie folgt,
kann der weiße Turm nach der Partiefortsetzung auf der dritten Reihe ins Spiel
kommen. Ribli.} Bxh4 (21... g5 $5 {Es scheint riskant, aber wie kann Weiß das
ausnutzen? Ribli.} 22. Nf3 (22. Nf5 Bxf5 23. exf5 Qxf5 $15) 22... f5 $13) 22.
gxh4 Bxb5 23. cxb5 {Weiss verfügt über das Läuferpaar und etwas Raumvorteil,
aber die Stellung ist geschlossen und Schwarz hat einen guten Vorposten für
den Springer auf c5.  Die Doppelbauern auf h3 und h4 sind nicht schwach und
Weiss hat zwei halboffene Linien am Königsflügel. Er möchte das Spiel mit 22.
f4 öffnen. Ribli.} Nf6 {[%cal Gf6d7] Schwarz möchte die Aufstellung des Ne8
verbessern. Der Springer zielt nach d7. Ribli.} (23... f5 24. f4 $36) 24. f4 {
[%csl Gb2,Gf1]} Nfd7 25. Ra3 $1 $14 {[%cal Ga3g3]} f6 26. Bf3 {[%cal Gf3g4,
Gg4c8]} exf4 27. Bg4 Qe8 28. Rxf4 Ne5 {[%csl Gc5,Ge5] Schwarz hat zwar zwei
sehr gut postierte Springer, aber Weiss die Initiative am Königsflügel. Ribli.}
29. h5 b6 30. Bf5 Ra7 31. Rf2 Rff7 {[%cal Gg8f8,Gf8e7] Schwarz verteidigt
seine potentielle Schwäche auf g7,und bereitet den möglichen Königsmarsch vor.
Ribli.} 32. Rg2 {[%cal Gg2g8]} Kf8 33. Bd4 Qb8 34. Qd1 {[%cal Gd1a4,Ga3g3]
Weiß verteidigt die Schwäche auf a4 und befreit den Turm. Die weiße Batterie
drückt stark in der g-Linie. Ribli.} Ke7 35. Rag3 {[%csl Gg2,Gg3][%cal Rg2g7]}
Kd8 36. Be3 {[%cal Ge3h6] Die weiße Drohung ist 36.Bxh6 gxh6 37.Rg8 mit
Damengewinn. Ribli.} Qc7 37. Be6 $16 {Dieser weiße Läufer ist sehr gefährlich
für Schwarz. Den Läufer zu nehmen oder stehenzulassen, Beides hat seine
Nachteile. Ribli.} Re7 (37... Nxe6 38. dxe6 Re7 39. Bxh6 gxh6 40. Rg8+ Re8 41.
Rxe8+ Kxe8 42. Rg8+ Ke7 43. Rg7+ $18) (37... Nxe4 {Petursson} 38. Bxf7 Nxg3 39.
Rxg3 Nxf7 40. Rxg7 $18) {[#]} 38. Bxh6 $1 Nxe4 $6 (38... Nxe6 39. dxe6 gxh6 (
39... Rxe6 {Petursson} 40. Rxg7 $18) 40. Rg8+ $18) (38... gxh6 $5 39. Rg8+ Re8
40. Rxe8+ Kxe8 41. Rg8+ Ke7 42. Rg7+ Kf8 (42... Kd8 {Petursson} 43. Rxc7 $18
Rxc7 44. Bf5 Rg7 45. Bg6 Nxg6 46. hxg6 Rxg6 47. Qh5 Rg5 48. Qxh6 Nxe4 49. Qh8+
Ke7 50. Qh7+ Kd8 51. Qxe4 $18) 43. Rxc7 Rxc7 {Weiss hat großen Materialvorteil,
aber die schwarze Stellung ist geschlossen und beide Springer stehen
ausgezeichnet. Schwarz kann eine Festung auf den schwarzen Feldern aufbauen
und es ist nicht klar, wie Weiß seinen Läufer einsetzt. Ribli.}) 39. Rxg7 Qc3
$6 (39... Rxg7 40. Rxg7 Qxg7 41. Bxg7 Rxg7 42. h6 $16) 40. Rg8+ $18 Re8 (40...
Kc7 41. Rc8+ Kb7 42. Rxc3 $18) 41. Rxe8+ Kxe8 42. Rg8+ {Weiß hat
durchschlagenden Mattangriff. Ribli.} Ke7 43. Bf8+ Kd8 44. Bxd6# 1-0

[Event "SUI-ch"]
[Site "Leukerbad"]
[Date "2002.07.12"]
[Round "2"]
[White "Ballmann, Martin"]
[Black "Landenbergue, Claude"]
[Result "0-1"]
[WhiteElo "2431"]
[BlackElo "2395"]
[Annotator "Ribli,Z"]
[PlyCount "76"]
[EventDate "2002.07.11"]
[EventType "tourn"]
[EventRounds "9"]
[EventCountry "SUI"]
[EventCategory "9"]
[SourceTitle "CBM 091"]
[Source "ChessBase"]
[SourceDate "2002.11.12"]
[SourceVersion "1"]
[SourceVersionDate "2002.11.12"]
[SourceQuality "1"]

1. c4 Nf6 2. Nc3 e5 3. g3 Bb4 4. Bg2 O-O 5. e4 {Mit diesem Zug vermeidet Weiß
die Hauptvariante 5. Nf3, aber der Textzug bietet wenig Aussicht auf
Eröffnungsvorteil.} (5. Nf3) 5... Bxc3 6. bxc3 (6. dxc3) 6... Re8 {Der Turmzug
ist nicht schlecht, aber trotzdem scheint mir die Alternative 6...c6!?
logischer.} (6... c6 $5 {[%cal Gd7d5]}) 7. Ne2 c6 8. O-O (8. Qb3 Na6 9. Ba3 (9.
O-O Nc7 10. d3 d5 11. cxd5 cxd5 12. exd5 Nfxd5 13. h3 Nb6 14. Rd1 Bd7 15. a4
Bc6 {0-1 Hauchard,A-Renet,O/Belfort 1995/EXT 98 (53)}) 9... d6 10. O-O (10. d3
Rb8 11. O-O b5 12. cxb5 cxb5 13. Bc1 Be6 14. Qa3 Nc5 {0-1 Miezis,N-Ikonnikov,V/
Paris 1996/EXT 97 (37)}) 10... Nc5 (10... Nd7 $5) 11. Qc2 b5 12. cxb5 cxb5 13.
Rad1 Bb7 14. f3 Qb6 15. Kh1 Rac8 16. d3 d5 {1-0 Miezis,N-Ubilava,E/Elgoibar
1995/EXT 97 (42)}) 8... d5 9. cxd5 $6 {Dieser automatischer Zug gefällt mir
nicht - nach 9.exd5 hat Weiß mehr Chancen auf Initiative.} (9. exd5 cxd5 10. d4
$5 Bg4 (10... exd4 11. Nxd4 dxc4 12. Nb5 $1 Nc6 13. Bf4 Bg4 14. Qxd8 Raxd8 15.
Nd6 Re7 16. Nxb7 Rxb7 17. Bxc6 $16 {1-0 Sorokin,M-Gavrilov,A/St Petersburg
1993/CBM 34/[Glatman] (39)}) 11. dxe5 Rxe5 12. Be3 Nbd7 13. Qc2 Rc8 14. Nf4
Rxc4 15. Bd4 Re4 16. Qb3 Rxf4 17. gxf4 Qc7 18. Be3 Be6 19. Qd1 h6 20. Qd3 Nc5
21. Bxc5 Qxc5 {0-1 Petursson,M-Anand,V/Kopavogur 2000/EXT 2001 (61)}) 9... cxd5
10. exd5 Nxd5 $11 {Weiß hat das Läuferpaar, aber die schwarze Stellung ist
gesund und hat keine Schwächen.} 11. d3 {Es wäre besser die Stellung für das
Läuferpaar mit Hilfe von 11.d4 zu öffnen, aber Weiß möchte das Spiel
komplizieren.} (11. d4 exd4 12. Qxd4 (12. cxd4 Nc6 $15) 12... Be6 13. Nf4 (13.
Rd1 Nc6 14. Qc5 Qf6 $11) 13... Nc6 14. Qc5 Nxf4 15. Bxf4 Rc8 $11) (11. Qb3 Nb6
12. Qc2 $11 (12. d4 Bg4)) 11... Nc6 12. Bb2 (12. Rb1 Bg4 $1) 12... Bg4 {
Schwarz hat gutes Figurenspiel und die bessere Bauernstruktur - die weißen
Bauern (c3P, d3P) sind angreifbar.} 13. Re1 (13. h3 $5) 13... Qd7 14. Qb3 (14.
Qd2 Rad8 15. Rad1 Bh3 $15) 14... Rad8 $15 {[%csl Rd3,Re2][%cal Gd8d3][%mdl 32]
Schwarz übt fühlbaren positionellen Druck auf der d-Linie aus, weil der Ne2
passiv steht und Pd3 schwach ist.} 15. Ba3 (15. c4 Ndb4 $17) (15. Rad1 $14)
15... h5 $5 {Mit diesem originellen Zug erhält Schwarz Initiative am
Königsflügel.} 16. Rab1 (16. Rad1) 16... b6 17. Bb2 (17. c4 $2 Bxe2 18. Bxd5
Nd4 19. Qb2 Bf3 $19) 17... Na5 18. Qc2 h4 19. a3 {Weiß bereitet den Zug c3-c4
vor und verteidigt sich gegen Nb4.} hxg3 20. hxg3 Qf5 {[%cal Gf5b1]} 21. c4 (
21. Be4 Qh5 $15) 21... Nf6 22. Nc1 {Dieser Zug ist nicht schön, aber Weiß hat
nichts Besseres.} (22. Rbd1 Bf3 $17) 22... Rc8 {[%cal Gf5b1][%mdl 2048] Droht
23...Nxc4 und 23...Rxc4.} 23. Bc3 $2 (23. f3 Bxf3 24. Rf1 e4 25. Bxf6 Qxf6 26.
Bxf3 exf3 27. Qf2 Qg6 28. Qxf3 Rc6 $17 {[%cal Gc6f6]} (28... Nxc4 $6 29. dxc4
Qxb1 30. Nd3 Qc2 31. Qxf7+ Kh8 32. Qh5+ $11) (28... Nc6 $17)) 23... Nxc4 $17 {
[%cal Gf5c2] Mit diesem Zug gewinnt Schwarz einen Bauern.} (23... Rxc4 $6 24.
f3 Bxf3 25. Bxf3 (25. Rf1 Nd5 26. Rxf3 Qg6 27. Ne2 Nxc3 28. Nxc3 Rec8 $19)
25... Qxf3 26. dxc4 Qxg3+ $11) 24. Qa2 Nd6 (24... Ne3 $1 25. Rxe3 (25. fxe3
Rxc3 $17) 25... Rxc3 $17) 25. Bb4 (25. Qb2 Nd7 $17) 25... Nb5 {[%csl Yd4][%cal
Gb5d4]} 26. Ne2 {Dieser Zug verliert einen zweiten Bauern, aber guter Rater
ist schon teuer.} Qxd3 $19 27. Rb3 Qd7 28. Re3 a5 29. Bd2 Bxe2 30. R3xe2 Nd4
31. Be3 (31. Rxe5 Rxe5 32. Rxe5 Rc2 $19) 31... Nxe2+ 32. Qxe2 Qd6 33. Rb1 Qxa3
34. Rxb6 Re6 (34... e4) 35. Rb7 Rd6 36. Ra7 Qa4 37. Bf1 Rd1 38. Qb2 Qc4 0-1

[Event "Bern"]
[Site "Bern"]
[Date "1991.??.??"]
[Round "8"]
[White "Miralles, Gilles"]
[Black "Gavrikov, Viktor"]
[Result "1/2-1/2"]
[WhiteElo "2470"]
[BlackElo "2580"]
[Annotator "Ribli,Z"]
[PlyCount "41"]
[EventDate "1991.02.??"]
[EventType "tourn"]
[EventRounds "9"]
[EventCountry "SUI"]
[EventCategory "9"]
[SourceTitle "CBM 022"]
[Source "ChessBase"]
[SourceDate "1991.06.01"]
[SourceVersion "1"]
[SourceVersionDate "1991.06.01"]
[SourceQuality "1"]

1. c4 e5 2. Nc3 Bb4 3. g3 (3. Nd5 $1) 3... Bxc3 4. bxc3 Nf6 5. Bg2 O-O 6. Nf3 (
6. d3 d6 7. Nh3 Nc6 8. e4 Ne8 9. O-O f5 10. exf5 Bxf5 11. f4 exf4 12. Rxf4 Qe7
13. Bd5+ Be6 14. Rxf8+ Kxf8 15. Bg5 Nf6 16. Bxf6 gxf6 17. Nf4 $16 {Uhlmann,
W-Kohlweyer,B Frankfurt 1990 CBM/20}) 6... e4 7. Nd4 c5 8. Nc2 d5 9. Ba3 Na6
10. cxd5 Qxd5 11. d4 Qh5 12. h3 Rd8 13. g4 Qg6 14. Qd2 cxd4 15. Be7 Re8 16.
Bxf6 Qxf6 17. Qxd4 Qg6 18. O-O-O Qg5+ 19. Qe3 Qxe3+ (19... Qa5 $5 20. Bxe4 Be6
$44) 20. Nxe3 Nc5 21. Nc4 1/2-1/2

[Event "New York op"]
[Site "New York"]
[Date "1991.??.??"]
[Round "3"]
[White "Duong, Thanh Nha"]
[Black "Bonin, Jay R"]
[Result "1-0"]
[WhiteElo "2305"]
[BlackElo "2435"]
[Annotator "Ribli,Z"]
[PlyCount "107"]
[EventDate "1991.03.??"]
[EventType "swiss"]
[EventRounds "9"]
[EventCountry "USA"]
[SourceTitle "CBM 023"]
[Source "ChessBase"]
[SourceDate "1991.08.01"]
[SourceVersion "1"]
[SourceVersionDate "1991.08.01"]
[SourceQuality "1"]

1. c4 e5 2. Nc3 Bb4 3. g3 Bxc3 4. bxc3 Qe7 5. Nf3 Nf6 6. Bg2 O-O 7. O-O d6 8.
d3 {/\ e4} e4 9. Ng5 Bf5 10. f3 $1 exd3 11. exd3 d5 12. Re1 Qc5+ 13. Be3 Qa5
14. Bd4 $14 Nc6 15. Bxf6 gxf6 16. cxd5 fxg5 17. dxc6 bxc6 18. Qd2 Bg6 19. d4
Rae8 20. f4 gxf4 21. gxf4 c5 22. Re5 $1 Rxe5 23. dxe5 Bf5 24. Kh1 Kh8 25. Bf3
Rg8 26. Rg1 Qb6 27. Rxg8+ Kxg8 28. Qd8+ Kg7 29. Qg5+ Qg6 30. Qxg6+ hxg6 31. Bd5
$16 Kf8 32. Kg2 Ke7 33. Kf3 f6 34. h4 Be6 $2 $18 35. exf6+ Kxf6 36. Bxe6 Kxe6
37. Kg4 c4 38. Kg5 Kf7 39. f5 gxf5 40. Kxf5 Kg7 41. Ke6 Kg6 42. Kd7 Kh5 43.
Kxc7 Kxh4 44. Kd6 Kg5 45. Kd5 Kf6 46. Kxc4 Ke6 47. Kc5 Kd7 48. c4 Kc7 49. Kd5
Kd7 50. c5 Kc7 51. c6 Kc8 52. Kd6 Kd8 53. c7+ Kc8 54. Kc6 1-0

[Event "Kecskemet"]
[Site "Kecskemet"]
[Date "1990.??.??"]
[Round "12"]
[White "Arkhipov, Sergey"]
[Black "Hertneck, Gerald"]
[Result "1/2-1/2"]
[WhiteElo "2440"]
[BlackElo "2480"]
[Annotator "Ribli,Z"]
[PlyCount "84"]
[EventDate "1990.06.??"]
[EventType "tourn"]
[EventRounds "13"]
[EventCountry "HUN"]
[EventCategory "8"]
[SourceTitle "CBM 020"]
[Source "ChessBase"]
[SourceDate "1991.02.01"]
[SourceVersion "1"]
[SourceVersionDate "1991.02.01"]
[SourceQuality "1"]

1. c4 Nf6 2. Nc3 c6 3. e4 e5 4. Nf3 Bb4 5. Nxe5 O-O 6. Nd3 Bxc3 7. dxc3 Nxe4 8.
Be2 (8. Nf4 Na6 9. Be3 d6 10. Qd4 Re8 11. Nh5 f6 12. f3 Ng5 13. Kf2 $14 {
Kortschnoi-Malich Kapfenberg 1970}) 8... d5 9. cxd5 Qxd5 10. O-O Nd7 11. Be3
Ndf6 12. Nf4 Qa5 13. Qc1 Re8 14. Re1 Bf5 15. f3 Ng5 16. Bd4 Qd8 17. Bc4 Qd6 18.
Rd1 Qe7 19. b4 b5 20. Bb3 a5 21. Bc5 Qc7 22. a4 axb4 23. cxb4 bxa4 24. Rxa4
Rxa4 25. Bxa4 Ne6 26. Nxe6 Bxe6 27. Bd4 Bd5 28. Qc3 Nh5 29. Re1 Qd7 30. Rxe8+
Qxe8 31. Kf2 Nf4 32. Be3 Ne6 33. Qd3 Qb8 34. b5 cxb5 35. Bc2 Qc7 36. Qxh7+ Kf8
37. Bf5 Qc3 38. Qh8+ Ke7 39. Qh4+ Ke8 40. Bxe6 Bxe6 41. Qh8+ Kd7 42. Qb8 Qc2+
1/2-1/2

[Event "URS-ch U26"]
[Site "Minsk"]
[Date "1990.??.??"]
[Round "?"]
[White "Shabalov, Alexander"]
[Black "Orlov, Georgi"]
[Result "1/2-1/2"]
[WhiteElo "2465"]
[BlackElo "2505"]
[Annotator "Ribli,Z"]
[PlyCount "158"]
[EventDate "1990.01.??"]
[EventType "tourn"]
[EventRounds "13"]
[EventCountry "URS"]
[EventCategory "10"]
[SourceTitle "CBM 017"]
[Source "ChessBase"]
[SourceDate "1990.08.01"]
[SourceVersion "1"]
[SourceVersionDate "1990.08.01"]
[SourceQuality "1"]

1. c4 e5 2. Nc3 Bb4 3. Qc2 Nf6 4. g3 O-O 5. Bg2 Re8 6. a3 Bxc3 7. dxc3 a5 8. a4
d6 9. e4 Na6 10. Ne2 Nc5 11. h3 Be6 12. b3 b5 $1 13. b4 (13. axb5 a4 14. b4 (
14. bxa4 Bxc4 $15) 14... Nb3 15. Rxa4 Rxa4 16. Qxb3 Ra1 17. O-O Qd7 $1 $15)
13... axb4 14. cxb4 Rxa4 (14... Nxa4 $5 15. cxb5 Nb6 16. Rxa8 Qxa8 17. Qxc7 Nc4
$44) 15. Rb1 Ncd7 16. Nc3 Ra8 17. Nxb5 Nb6 18. Na3 Qc8 19. c5 Na4 20. Bf1 Qb7
21. f3 dxc5 22. bxc5 Qa7 23. Be3 Qa5+ 24. Kf2 Nc3 25. Nc4 Bxc4 26. Bxc4 Nxb1
27. Rxb1 Rab8 $15 28. Bb3 Qa6 29. Qc3 Nd7 30. g4 Nf8 31. h4 Ng6 32. h5 Nf4 33.
Bxf4 exf4 34. g5 Red8 35. Bc4 Qc6 36. Bd5 Qa6 37. Rxb8 Rxb8 38. Qe5 Qb5 39.
Qxf4 Qxc5+ 40. Kg3 Rf8 41. Qe5 Qg1+ 42. Kh3 Qh1+ 43. Kg4 Qg2+ 44. Kh4 Qxf3 45.
Qxc7 g6 46. hxg6 hxg6 47. Qe5 Rd8 48. Qf6 Qxf6 49. gxf6 Rd6 50. Kg5 Kf8 51. Bc4
Rd4 52. Bd5 Rd1 53. Kg4 Rg1+ 54. Kf4 g5+ 55. Kf3 Kg8 56. e5 Re1 57. Be4 Kf8 58.
Bf5 Ke8 59. Kg4 Rxe5 60. Kxg5 Kd8 61. Kf4 Ra5 62. Bc2 Rb5 63. Bd3 Rb4+ 64. Ke5
Rh4 65. Be4 Rh5+ 66. Kd4 Ke8 67. Bc6+ Kf8 68. Be4 Kg8 69. Bb1 Ra5 70. Bd3 Kf8
71. Be4 Ra6 72. Ke5 Re6+ 73. Kf5 Ke8 74. Bd5 Ra6 75. Ke5 Ra7 76. Bc6+ Kd8 77.
Bd5 Rc7 78. Bb3 Rd7 79. Bd5 Kc7 1/2-1/2

[Event "New York CITS"]
[Site "New York"]
[Date "1996.??.??"]
[Round "7"]
[White "Serper, Grigory"]
[Black "Sokolov, Ivan"]
[Result "1-0"]
[WhiteElo "2540"]
[BlackElo "2665"]
[Annotator "Ribli,Z"]
[PlyCount "65"]
[EventDate "1996.03.??"]
[EventType "tourn"]
[EventRounds "11"]
[EventCountry "USA"]
[EventCategory "13"]
[SourceTitle "CBM 052"]
[Source "ChessBase"]
[SourceDate "1996.06.01"]
[SourceVersion "1"]
[SourceVersionDate "1996.06.01"]
[SourceQuality "1"]

1. c4 {Ftacnik} e5 2. g3 Nf6 3. Bg2 d6 4. Nc3 g6 5. e4 c6 6. Nge2 Bg7 7. d3 (7.
d4 $5) 7... a6 8. O-O b5 $6 {Zu frueh. Der Nachziehende sollte hier erst 8...
0-0 spielen.} (8... O-O $5 9. h3 {In der Partie verliert Weiss diese Tempi
nicht!} b5 10. Be3 (10. cxb5 axb5 11. b4 Na6 12. Rb1 Be6 13. a4 bxa4 14. Nxa4
Rb8 $13 {Popov,L-Kavalek,L/Wijk aan Zee/1975/}) 10... Nbd7 11. f4 Bb7 12. Qd2
Re8 13. Rac1 {Der Anziehende steht etwas bequemer. Hassapis,D-Hennigan,M/
Oakham/1992/CBM30/}) 9. cxb5 axb5 10. b4 $1 {Dieser Zug ist fuer derartige
Stellungen typisch. Siehe Popov,L-Kavalek,L anm. 8...0-0.} O-O 11. a4 (11. h3 {
Ftacnik} Na6 (11... Nbd7 12. Be3 Re8 {0.5/Shvidler,E-Davies,N/Tel Aviv/1989/})
12. Rb1 Be6 (12... Nc7 13. Bb2 Be6 14. a3 Qd7 15. Kh2 d5 16. d4 Nxe4 17. Nxe4
dxe4 18. dxe5 Qxd1 19. Rfxd1 Bd5 20. Nc3 Rfe8 21. Nxe4 Bxe5 22. Bxe5 Rxe5 23.
Nf6+ Kg7 24. Nxd5 Nxd5 25. Rb3 Ra6 {Csom,I-Zimmerman,Y/Zalakaros op (08)/1995/
1-0 (63)}) (12... Bd7 13. Be3 Qc8 14. Kh2 Ne8 15. a4 Rb8 16. axb5 cxb5 17. Nd5
Qd8 18. Qd2 Be6 19. Nec3 Nac7 20. d4 Nxd5 21. Nxd5 Bxd5 22. exd5 f5 23. dxe5
dxe5 24. Bc5 Nd6 {1/2-1/2 Buehring,S-Schliebener,S/Berliner Sommer/1993/}) 13.
a4 $2 (13. f4 $5 Qd7 14. Kh2) 13... bxa4 14. Nxa4 (14. Qxa4 Qd7 15. Kh2 Rfb8)
14... Rb8 15. Bd2 Qd7 16. Kh2 c5 17. f4 cxb4 18. Be3 exf4 $1 19. gxf4 Rfe8 $1
20. Nd4 Ba2 21. Rc1 $6 (21. Rb2 $5) 21... b3 22. Nb2 Nd5 23. Bg1 Ndb4 24. Qd2
Nc2 25. e5 Nxd4 26. Bxd4 dxe5 27. Bxe5 Rxe5 $1 28. fxe5 Bxe5+ 29. Kh1 Qd4 $1 {
0-1 Popov,L-Kavalek,L/Wijk (01)/1975/ (35)}) 11... Be6 12. Bd2 $1 {Dieser Zug
hat zwei Absichten: 1.Droht axb5. 2. Weiss sieht schon jetzt, dass er den
b4-Bauern decken soll.} d5 (12... bxa4 13. Nxa4 Nbd7 14. Qc2 $36 {>< c6}) 13.
exd5 (13. f4 d4 14. Nb1 Ng4 $132) 13... Nxd5 14. Ne4 $1 {>< c5} (14. axb5 Rxa1
15. Qxa1 Nxb4 $13) 14... Bg4 15. Re1 (15. f3 Bc8 $13) 15... Nb6 $6 {Der
Nachziehende will den Damenfluegel einfrieren, aber das kostet weiteres Tempi.}
(15... bxa4 16. Rxa4 Rxa4 17. Qxa4 f5 18. Nc5 Qd6 $13) 16. a5 Nd5 (16... N6d7
17. Rc1 $14) 17. Rc1 $16 {Weiss steht klar besser: 1.Er hat grossen
Entwicklungsvorsprung. 2. Der c1-Turm drückt gegen den c6-Bauern. 3. Der freie
a5-Bauer kann im Endspiel sehr gefaehrlich werden.} f5 18. Qb3 $1 Kh8 (18...
fxe4 19. dxe4 Be6 (19... Qf6 20. Be3 Bf3 21. Bxf3 Qxf3 22. Nc3 $1 $16) 20. exd5
cxd5 21. Nd4 $18) 19. Nc5 f4 {Schwarz spielte die Eroeffnung sehr harmlos und
jetzt versucht er im Trueben zu fischen.} (19... Nc7 20. Bc3 Qd6 21. f4 Bxe2
22. fxe5 Bxe5 23. Rxe2 $16) 20. Nc3 (20. gxf4 Na6 $14) 20... f3 (20... Nxc3 21.
Bxc3 f3 22. Bf1 Re8 23. Qb2 $16) 21. Bf1 Nc7 (21... Na6 22. Nxd5 cxd5 23. Nxa6
Rxa6 24. Rc5 $16) 22. N3e4 Nba6 (22... Nd7 23. Nxd7 Bxd7 (23... Qxd7 24. Qc2
$16) 24. Bg5 $16) 23. Nxa6 Rxa6 24. Bc3 {>< e5} Qc8 (24... Ne6 $1 25. Nc5 (25.
Bb2 Nd4 26. Bxd4 exd4 27. Nc5 $14) 25... Nxc5 26. bxc5 Re8 27. Re3 (27. Qb2 Qd5
28. Re3 Kg8 29. Rce1 Rea8 30. Bxe5 Bh6 31. Re4 $13) 27... Qd7 28. Rce1 $36) 25.
Nc5 Bh3 {Der Beginn taktischer Komplikationen, die fuer Schwarz wegen seiner
schlechteren Entwicklung ungünstig enden. So wie so, der Nachziehende hat eine
hilflose Stellung.} (25... Ra7 26. Bxe5 Bxe5 27. Rxe5 $18) 26. Rxe5 $1 {[#]} (
26. Nxa6 $2 Bxf1 27. Bxe5 Qh3 $19) (26. Bxe5 Bxe5 27. Rxe5 Bxf1 28. Qb2 Kg8 29.
Re7 Rf7 30. Rxf7 Kxf7 31. Kxf1 Qh3+ 32. Ke1 Ra8) 26... Bxf1 (26... Ra7 27. Re7
Rf6 28. Ne4 $18) 27. Re7 $1 Bf6 $8 (27... Rg8 28. Rxg7 Rxg7 29. Qf7 $18) (27...
Ne8 28. Ne6 $18) (27... Rf6 28. Rxg7 (28. Bxf6 Bxf6 29. Rxc7 Qh3 (29... Qxc7
30. Nxa6 Qc8 31. Kxf1 $18) 30. Rc8+ Kg7 (30... Qxc8 31. Qf7 Bb2 32. Rxf1 $18)
31. Ne6+ Kh6 32. Nf4 Qxc8 33. Kxf1 $16) 28... Kxg7 29. Bxf6+ Kxf6 (29... Kf8
30. d4 Bc4 31. Qxf3 $18) 30. d4 Bg2 31. Nxa6 $18) 28. Nd7 (28. Bxf6+ Rxf6 29.
Nd7 c5 30. Rxc5 $18) 28... Nd5 29. Qxd5 $1 {[#] Dieser ästethische Zug beendet
die positionell und taktisch gut angelegte Partie.} (29. Bxf6+ Nxf6 30. Nxf8
Qxf8 (30... Qh3 31. Rxh7+ Nxh7 32. Nxg6+ Kg7 33. Nf4 $18) 31. Rf7 Qg8 32. Qe6
$18) (29. Nxf6 Nxf6 30. Rf7 c5 31. bxc5 Bg2 32. c6 $1 $18) 29... Bxc3 (29...
cxd5 30. Nxf6 $1 $18) 30. Qe4 $1 {Die letzte Feinheit.} Bg7 (30... Bxd3 31.
Qxd3 Bf6 32. Nxf6 Rxf6 33. Qxb5 $18) 31. Nxf8 Bxd3 (31... Qh3 32. Qxf3 $18) (
31... Bxf8 32. Re8 Qh3 33. Rxf8+ Kg7 34. Qxf3 $18) 32. Re8 (32. Nxg6+ hxg6 (
32... Kg8 33. Qd5+ $1) 33. Re8+ Qxe8 34. Qxe8+ Kh7 35. Qd7 $18) (32. Qxd3 Qxf8
33. Qd7 $18) 32... Bxe4 (32... h6 33. Nd7+ Kh7 34. Qe7 $18) 33. Nxg6# {Diese
Partie war fuer Schwarz nicht ok, sondern K.O.} 1-0